Využitie lineárneho programovania v sieťovej analýze bakalárska práca

Gespeichert in:
Bibliographische Detailangaben
1. Verfasser: Hrabovská, Miroslava
Körperschaft: Fakulta hospodárskej informatiky EU. Katedra operačného výskumu a ekonometrie
Weitere Verfasser: Dolinajcová, Miroslava
Format: Buch
Sprache:Slowakisch
Veröffentlicht: Bratislava 2012
Tags: Tag hinzufügen
Keine Tags, Fügen Sie das erste Tag hinzu!

MARC

LEADER 00000nbm a2200000 4500
001 0156394
005 20161109111958.1
041 0 |a slo 
044 |a SK 
245 1 0 |a Využitie lineárneho programovania v sieťovej analýze  |b bakalárska práca  |c Miroslava Hrabovská ; školiteľ: Miroslava Dolinajcová 
264 1 |a Bratislava  |c 2012 
300 |a 45 s. 
100 1 |a Hrabovská, Miroslava 
700 1 |a Dolinajcová, Miroslava 
710 2 |a Fakulta hospodárskej informatiky EU. Katedra operačného výskumu a ekonometrie